LEADER 01189nam a2200265 i 4500 001 000000195978 003 CaOOAMICUS 005 20110110000000.0 008 110110s1950 it u000 u ita u 013 $a174658 040 $aSeMil$bita 100 1 $aBrinktrine, Johannes.$0(OLS)http://semarc/name/9907 245 13$aLa Santa Messa /$cDr. Giovanni Brinktrine Professore all'Accademia di Paderborn ; versione italiana a cura di Mons. Arrigo Pintonello Rettore del Pontificio Seminario Regionale di Salerno. 250 $a2. edizione. 260 $aRoma :$bEdizioni Liturgiche,$c1950. 300 $a346 p. ;$c23 cm. 490 0 $aArdens et lucens 500 $aContiene : Bibliografia generale ; Indice dei nomi ; Appendice. 650 4$aMessa - Commentari e studi.$0(OLS)http://semarc/subject/2736 700 1 $aPintonello, Arrigo.$0(OLS)http://semarc/name/71075 830 0$aArdens et lucens.$0(OLS)http://semarc/title/20640 850 $aSeMil 852 $aSeMil$W1$xVenegono$y1$m3K IV 18$j146545$B146545$CSeMilBibl$Z2$F158008 $81 996 $6245$aLa Santa Messa$9(OLS)http://semarc/title/282912 996 $6260$aRoma :$bEdizioni Liturgiche$9(OLS)http://semarc/publisher/33221 LEADER 01080nam a2200289 i 4500 001 000000125380 003 CaOOAMICUS 005 20051122000000.0 008 051122s1995 it u000 u ita u 013 $a98081 020 $a88-7836-401-0 020 $a88-7203-040-4 040 $aSeMil$bita 100 1 $aStrazzi, Giuseppe.$0(OLS)http://semarc/name/31797 245 10$aVia lunga /$cGiuseppe Strazzi ; prefazione di Virgilio Melchiorre. 260 $aBarzago (CO) :$bMarna,$c1995. 300 $a117 p. ;$c21 cm. 500 $aFondo Card. C.M. Martini. 700 1 $aMelchiorre, Virgilio,$d<1931- >.$0(OLS)http://semarc/name/2878 850 $aSeMil 852 $aSeMil$W1$xVenegono$y1$m1B V 91$j79836$B79836$CSeMilBibl$Z2$F106029 $81 941 1 $a4 961 $aOmaggio: Martini Card. Carlo Maria 996 $6020$a88-7836-401-0$9(OLS)http://semarc/number/111294 996 $6020$a88-7203-040-4$9(OLS)http://semarc/number/111295 996 $6245$aVia lunga$9(OLS)http://semarc/title/184634 996 $6260$aBarzago (CO) :$bMarna$9(OLS)http://semarc/publisher/40264